[Event "Clichy"]
[Site "Clichy"]
[Date "2001.07.01"]
[Round "7"]
[White "Conquest, Stuart"]
[Black "Bauer, Christian"]
[Result "1-0"]
[WhiteElo "2563"]
[BlackElo "2612"]
[Annotator "Ribli,Z"]
[PlyCount "155"]
[EventDate "2001.06.25"]
[EventType "tourn"]
[EventRounds "9"]
[EventCountry "FRA"]
[EventCategory "14"]
[SourceTitle "CBM 085"]
[Source "ChessBase"]
[SourceDate "2001.11.13"]
[SourceVersion "1"]
[SourceVersionDate "2001.11.13"]
[SourceQuality "1"]

1. c4 e5 2. Nc3 Nf6 3. Nf3 Nc6 4. g3 Bc5 {Dieser Zug wird seltener gespielt
als die Alternativen 4...d5 und 4...Bb4.} 5. Bg2 {Dieser natürliche Läuferzug
ist logisch, aber auch 5.Nxe5 kommt in Betracht.} (5. Nxe5 $5 Bxf2+ (5... Nxe5
6. d4 Qe7 7. dxe5 Ng4 8. e3 Nxe5 9. Bg2 $16) 6. Kxf2 Nxe5 7. e4 c5 8. d4 cxd4
9. Qxd4 O-O 10. Bf4 d6 11. h3 $14) 5... d6 6. d3 (6. O-O O-O 7. e3 (7. d3) 7...
a6 8. d4 Ba7 $11) 6... h6 {Dieser prophylaktische Zug richtet sich gegen das
mögliche Bg5.} 7. O-O O-O 8. Na4 (8. a3) 8... Bb6 {Das ist eine natürliche
Fortsetzung. Andererseits aber ist die weiße Drohung (Abtausch des Bc5) nicht
wirklich gefährlich für Schwarz.} (8... Qe7 9. e3 a6 $11) (8... Bf5) 9. a3 $5 {
[%mdl 4] Weiß möchte 10.b2-b4 ziehen. Wenn er möchte, kann er den Bb6
abtauschen.} (9. Nxb6 axb6 10. b3 Bf5 (10... Be6 11. Bb2 Qd7 12. d4 exd4 13.
Nxd4 Bh3 14. Nxc6 Bxg2 15. Kxg2 Qxc6+ 16. Kg1 Nd7 17. Qd4 f6 18. Qg4 Rf7 {
1/2-1/2 Filipovich,D-Dougherty,M/Toronto 1993/EXT 98 (40)}) 11. Bb2 (11. Nh4
Bd7 12. e4 Nh7 13. Be3 Re8 14. h3 Nf8 15. a3 Ne6 16. Nf5 Ned4 17. Nxd4 exd4 18.
Bc1 Ne7 {0-1 Plantet,S-Savchenko,S/Paris FRA 2001/(40)}) 11... Re8 12. Nh4 Bh7
13. e4 Nd7 14. a3 Nc5 15. Nf5 Bxf5 16. exf5 Qg5 17. Be4 Nd4 18. b4 Nxe4 19.
dxe4 c5 {1/2-1/2 Speelman,J-Sadler,M/London 1990/EXT 97 (29)}) 9... Be6 (9...
Bf5 $5 {Dieser Läuferzug scheint mir aktiver als die Partiefortsetzung.}) 10.
b4 a6 $6 (10... Re8 11. Bb2 $11) (10... e4 11. dxe4 Bxc4 $11) 11. Nxb6 cxb6 12.
Bb2 $14 {Weiß hat das Läuferpaar und die bessere Bauernstruktur.} Qd7 {[%cal
Ge6h3,Gh3g2]} 13. Re1 {Ein für solche Stellungen typischer Zug - Weiß
unterbindet den Abtausch seines Bb2.} Bh3 14. Bh1 Ng4 {[%cal Gf7f5] Schwarz
bereitet f7-f5 mit aktivem Spiel am Königsflügel vor.} 15. d4 e4 (15... exd4
16. Nxd4 $14) 16. d5 (16. Nd2 e3 17. fxe3 Qf5 (17... Nxe3 18. Qb3 $14) 18. Nf3
Nxe3 19. Qc1 Rae8 $132 (19... Nc2 $2 20. e4 $18)) 16... e3 (16... exf3 17. dxc6
bxc6 (17... Qxc6 18. exf3 Nf6 19. Bxf6 gxf6 20. f4 Qxc4 21. Qxd6 $18 {[%cal
Rd6b6,Rd6f6]}) 18. exf3 $16) 17. fxe3 (17. dxc6 $4 exf2#) 17... Qe7 (17... Nce5
18. Nxe5 Nxe5 19. Bxe5 dxe5 20. e4 $16 (20. Qd3 $16)) 18. Qb3 {Weiß hat einen
Mehrbauern, aber die Bauern auf der e-Linie sind schwach.} (18. Qd2) 18... Nb8
(18... Nce5 19. Nxe5 Nxe5 20. Bd4 $16) 19. c5 {Weiß rechnet nicht groß nach,
sondern öffnet die Stellung für sein Läuferpaar.} (19. e4 $5 Nd7 $14) 19...
bxc5 (19... dxc5 20. e4 $14) 20. bxc5 dxc5 21. e4 $13 {Weiß hat das Läuferpaar
und starke Bauern im Zentrum. Schwarz kann den e-Bauern jedoch blockieren.} Nd7
(21... b5 22. e5 $13) 22. Rad1 Rac8 (22... b5 $5 $13) 23. d6 Qe6 24. Qxe6 (24.
Qc3 Ngf6 $13 (24... f6 25. e5 fxe5 26. Nxe5 $16 {[%cal Rh1d5,Rd5g8]})) 24...
fxe6 25. e5 b5 $15 {Die weißen Bauern auf d6 und e5 sind stark, aber der Nd7
nimmt ein gutes Blockadefeld ein. Zudem hat Schwarz eine gefährliche
Bauernmehrheit am Damenflügel.} (25... Ne3 $5) (25... c4 $15) 26. Bc3 a5 $1 {
Mit diesem vorübergehenden Bauernopfer mobilisiert Schwarz seine Reserven am
Damenflügel.} 27. Bxa5 Ra8 28. Bc7 {Der Läufer steht nur scheinbar aktiv auf
c7, in Wirklichkeit ist er weit ab vom eigentlichen Ort des Geschehens.} Rxa3
$17 {[%csl Ga3,Gb5,Gc5] Die verbundenen schwarzen Freibauern sind sehr stark.}
29. Ra1 (29. Rb1 b4 $17) 29... Rxa1 (29... Rfa8 30. Rxa3 Rxa3 $17) 30. Rxa1 b4
(30... Ngxe5 $5 $17) 31. Nd2 {Weiß muss die schwarzen Bauern um jeden Preis
blockieren.} Ngxe5 32. Ra8 Rxa8 (32... c4 $17) 33. Bxa8 Bf5 {Die schwarze
Drohung ist Bc2 nebst Vormarsch des b-Bauern.} (33... c4 $17) 34. e4 Bg4 35.
Kf2 c4 36. Ba5 c3 (36... Kf7 $17 37. Bxb4 $2 (37. Ke3 $2 c3 $19) 37... Nd3+ $19
{[%cal Rd3b4,Rd3f2]}) 37. Nb3 Bd1 (37... c2 38. Nc1 Nc5 39. d7 Ncxd7 40. Bxb4
Nb6 41. Bb7 Nbc4 $17) (37... Kf7 $17) 38. Nc1 Nc5 $2 {[%mdl 8192]} (38... b3
39. Bxc3 Nc4 40. Nd3 Nxd6 $17) 39. Bxb4 Ncd3+ 40. Nxd3 Nxd3+ 41. Kg2 $1 (41.
Ke3 Nxb4 42. d7 c2 43. d8=Q+ Kh7 44. Kd2 Na2 $11) 41... Ba4 (41... Nxb4 42. d7
c2 43. d8=Q+ Kh7 44. e5 c1=Q 45. Be4+ g6 46. Qe7+ $18) 42. Bxc3 $16 {Weiß hat
nun einen Bauern mehr und das Läuferpaar. Die Realisierung des Vorteils ist
aber aufgrund das reduzierten Materials nicht so einfach.} Kf7 43. Kf3 Nc5 44.
Ke3 Bb5 45. Bb4 Nd7 {Wie schon zuvor blockiert der Nd7 den d-Bauern.} (45...
Nd3 $2 46. d7 $18) 46. Kd4 Ba4 47. Ba5 (47. e5 $6 $14 {Nach diesem Zug muss
Weiß immer den Pe5 verteidigen.}) 47... Bb5 48. Bb7 Ke8 49. Bc7 Kf7 50. Kc3 {
[%cal Gc3b4]} Ne5 51. Kb4 Bd7 52. Kc5 g5 (52... Ke8 53. Ba5 $16) 53. Ba5 {
[%cal Ga5c3]} Ba4 54. Bc3 Nd7+ 55. Kb4 Bc2 56. Kb5 Ke8 (56... Bd3+ 57. Kc6 Ke8
(57... Bxe4+ 58. Kxd7 Bxb7 59. Kc7 $18) 58. Kc7 $18) 57. Bc6 Bd3+ 58. Kb4 Kd8
59. Bg7 {[%csl Rg5,Rh6]} h5 (59... Nb8 60. Bf6+ Kc8 61. Ba8 Kd7 62. Kc5 $18)
60. Bh6 g4 61. Bg5+ Kc8 (61... Ke8 62. Kc3 Be2 63. e5 Bf3 64. Bb5 Be4 65. Kd4
Bb1 66. Ke3 Bf5 67. Kf4 $18) 62. Kc3 Bb1 63. Be7 Ne5 (63... Nb8 $16) 64. Be8
Bxe4 65. Kd4 {[%cal Rd4e5,Rd4e4]} Bc6 (65... Bg6 66. d7+ $18) 66. Bxh5 Nf3+ 67.
Kc5 Bd5 68. Bxg4 $18 {Mit zwei Mehrbauern steht Weiß auf Gewinn.} Ne5 (68...
Nxh2 69. Be2 Nf3 70. Ba6+ Kd7 71. Bb5+ $18) 69. Be2 Nd7+ 70. Kd4 Bb7 71. Bg4
Bd5 72. h4 {Der h-Bauer entscheidet die Partie.} Nb8 73. h5 Nc6+ 74. Kc5 Nxe7
75. dxe7 Kd7 76. h6 {[%csl Gh6]} Be4 77. Kd4 (77. Bxe6+ Kxe7 78. Kd4 Bg6 79.
Ke5 $18) 77... Bg6 (77... Bh7 78. Ke5 $18) 78. Bh5 (78. Bh5 Bxh5 79. h7 $18)
1-0

[Event "Petrov Memorial op"]
[Site "St Petersburg"]
[Date "1996.??.??"]
[Round "6"]
[White "Vaulin, Alexander"]
[Black "Orlov, Vassily"]
[Result "1-0"]
[WhiteElo "2480"]
[BlackElo "2405"]
[Annotator "Ribli,Z"]
[PlyCount "71"]
[EventDate "1996.02.??"]
[EventType "swiss"]
[EventRounds "9"]
[EventCountry "RUS"]
[SourceTitle "CBM 052"]
[Source "ChessBase"]
[SourceDate "1996.06.01"]
[SourceVersion "1"]
[SourceVersionDate "1996.06.01"]
[SourceQuality "1"]

1. c4 {Baburin Hecht} e5 2. g3 Nf6 3. Bg2 d5 4. cxd5 Nxd5 5. Nc3 Nb6 6. Nf3 Nc6
7. a3 g6 $6 $146 {Diese Neuerung gefällt mir nicht. Schwarz behandelt diese
Variante wie Anti-Gruenfeld (A16), aber dort spielt der Nachziehende viel
später e7-e5.} (7... Be7 $5) (7... Be6 $5) 8. d3 Bg7 9. Bg5 $1 {Dieser Zug ist
für derartige Stellungen typisch. Der Anziehende begrenzt den Spielraum des
schwarzen Läufers.} f6 10. Be3 Nd4 11. Rc1 {Droht /\ Bxd4,Nb5 mit Bauerngewinn.
} c6 12. Ne4 O-O 13. Nc5 $1 {Ich meine, dass der Riesenspringer auf c5 Schwarz
sehr stöert.} f5 14. h4 $1 {[#] Weiss kontrolliert das Zentrum, und seine
Figuren sind gut postiert. Ein Spiel am Köningsflügel ist die logische
Konsequenz. Droht /\ h5 ->} h6 15. Bxd4 exd4 16. Qb3+ Kh8 17. Ng5 $1 Qe7 18.
Rc2 $5 {Weiß will Ne6 spielen, aber er sollte erst den e2-Bauern decken.} (18.
Nce6 Bxe6 19. Nxe6 Rae8 $132 {>< e2}) 18... Be5 {Droht /\ hxg5} 19. Nge6 Rf6
20. Nf4 Bd6 $6 {Der Nachziehende will den c5-Springer vertreiben, aber...} (
20... Bxf4 $5) 21. h5 $1 {[#] Ein schönes Figurenopfer, welches nicht
annehmbar ist. Es traf Schwarz wie ein Blitzschlag.} Bxf4 (21... Bxc5 22. hxg6
$1 (22. Nxg6+ $2 Rxg6 23. hxg6 Be6 24. Rxh6+ Kg8 $19) 22... Kg7 (22... Qf8 23.
Rxc5 Qxc5 24. Rxh6+ Kg7 25. Rh7+ Kf8 26. g7+ $18) (22... Be6 23. Rxh6+ Kg8 (
23... Kg7 24. Rh7+ $18) 24. Nxe6 Rxe6 25. Rxc5 $18) 23. Nh5+ Kxg6 24. Qg8+ $18)
22. gxf4 g5 23. Qb4 Rd6 24. a4 $1 {/\ a5 >< b7 und >< d4.} Qf6 25. fxg5 hxg5
26. a5 Nd5 27. Bxd5 Rxd5 28. Nxb7 Rb8 $6 (28... Rb5 29. Qd6 Qxd6 30. Nxd6 Rxa5
31. Kd2 Be6 $14) 29. a6 Bxb7 $2 (29... Rb5 30. Qd6 Qxd6 31. Nxd6 Rxb2 32. Kd2
$14) 30. axb7 Rb5 31. Qxb5 $1 {[#] Dieser Zug ist für Schwarz eine unangenehme
Ueberraschung.} cxb5 32. Rc8+ Kh7 (32... Kg7 {Ftacnik} 33. Rxb8 Qb6 34. f3 Qc7
35. h6+ Kh7 36. Rf8 Qxb7 37. Rxf5 $18) 33. Rxb8 {Hecht: TT-D: witzige Lösung
durch kurze Rochade, zwingender Gewinn der Türme i.V. mit Riesenfreibauer
infolge nacktem sK} Qb6 34. O-O $1 {Baburin: At last! Not surprisingly White
just wins after such a move! Weiß steht nach der Rochade sofort auf Gewinn.}
Qc7 35. Rc8 Qxb7 36. Rfc1 (36. Rfc1 Kh6 37. R1c7 Qd5 38. Rh8#) 1-0

[Event "Montreal 2nd"]
[Site "Montreal"]
[Date "2001.08.03"]
[Round "2"]
[White "Lesiege, Alexandre"]
[Black "Zugic, Igor"]
[Result "1-0"]
[WhiteElo "2564"]
[BlackElo "2440"]
[Annotator "Ribli,Z"]
[PlyCount "41"]
[EventDate "2001.08.02"]
[EventType "tourn"]
[EventRounds "11"]
[EventCountry "CAN"]
[EventCategory "9"]
[SourceTitle "CBM 085"]
[Source "ChessBase"]
[SourceDate "2001.11.13"]
[SourceVersion "1"]
[SourceVersionDate "2001.11.13"]
[SourceQuality "1"]

1. c4 e5 2. Nc3 Nf6 3. Nf3 Nc6 4. g3 Bb4 (4... d5) (4... Nd4) (4... Bc5) 5. Bg2
O-O 6. O-O e4 (6... Re8) 7. Ng5 {Dieser Zug ist aggressiver und wahrscheinlich
besser als die bescheidene Alternative 7.Ne1.} (7. Ne1) 7... Bxc3 8. bxc3 (8.
dxc3 Re8 9. Qc2 Qe7 $11) 8... Re8 9. f3 exf3 (9... e3 {Dieses Bauernopfer ist
eine interessante Option für Schwarz - nach 10.dxe3 bekommt Schwarz hier
ausreichendes Gegenspiel, daher sollte Weiß schon mit 10.d3 fortsetzen.}) 10.
Nxf3 d5 11. d4 $5 {Dieser Zug wurde erstmals in der Partie Kasparov,V -
Ivanchuk,V Moscow 1988 URS-ch gespielt.} (11. cxd5 Qxd5 12. Nd4 Qh5 13. Nxc6
bxc6 14. e3 Bg4 $13) 11... Ne4 (11... dxc4 12. Bg5 $44) 12. Qc2 (12. cxd5 Nxc3
13. Qd2 (13. Qd3 Nxe2+ 14. Kh1 Nxc1 15. Raxc1 Nb4 16. Qb3 Nxd5 17. Ne5 Rxe5 18.
dxe5 c6 19. Rfd1 Qe7 20. Bxd5 cxd5 21. Qxd5 Be6 22. Qd6 Qe8 $44) 13... Nxd5 14.
e4 Nf6 15. e5 $13) 12... dxc4 (12... Bf5 $6 13. Nh4 Bg6 14. Bf4 (14. Nxg6 hxg6
15. Rb1 $16) 14... Na5 15. cxd5 Qxd5 16. Be5 Rxe5 17. Nxg6 hxg6 18. dxe5 Qc5+
19. e3 Ng5 20. Qf2 {1-0 Chernin,A-Farago,I/Austria 1996/CBM 52 ext (114)}) 13.
Rb1 (13. Ne5 Nxe5 14. Qxe4 Ng6 15. Qd5 Qe7 $13) 13... f5 (13... h6 14. Nh4 Qe7
15. Nf5 Bxf5 16. Rxf5 Rab8 17. Rf4 Nf6 18. Bxc6 $2 bxc6 19. Rxb8 Rxb8 20. Kg2
Re8 {0-1 Vivo,M-Sax,G/Porto San Giorgio 1995/EXT 2000 (29)}) (13... Qe7 14. Nd2
Ng5 15. e4 Bh3 16. Bxh3 Nxh3+ 17. Kg2 Ng5 18. h4 Nxe4 19. Nxe4 Qxe4+ 20. Qxe4
Rxe4 21. Rxb7 {1-0 Hodgson,J-Naumkin,I/Amantea 1995/EXT 97 (42)}) (13... f6 $5
14. Ne5 fxe5 15. Bxe4 Bh3 16. Bxh7+ Kh8 17. Qg6 Bxf1 18. Bg5 (18. Qh5 Bxe2 19.
Qh3 Bg4 $19) 18... Re6 $1 (18... Qd6 19. Qh5 Bxe2 20. Qh4 $18) (18... Qd7 19.
Rxf1 $40) 19. Bxd8 (19. Qh5 Bxe2 20. Qh4 Rh6 $1) 19... Rxg6 20. Bxg6 Bxe2 21.
Bxc7 $13) 14. g4 fxg4 $6 (14... Qe7 $6 15. gxf5 Nd6 (15... Bxf5 16. Ng5 g6 17.
Nxe4 Bxe4 18. Bxe4 Qxe4 19. Qxe4 Rxe4 20. Rxb7 $16) 16. Ng5 Qxe2 17. Bd5+ Kh8
18. Qxe2 Rxe2 19. Bf4 Nd8 20. Bxd6 cxd6 21. Rbe1 Rxe1 22. Rxe1 Bd7 23. Re7 Bc6
24. f6 {1-0 Kasparov,G-Ivanchuk,V/Moscow 1988/URS-ch (24)}) (14... Nd6 15. Bg5
Qd7 16. Nh4 Nf7 17. Rxf5 Nxd4 18. cxd4 Qxd4+ 19. e3 Qxg4 20. Rxf7 Kxf7 21. Nf3
Bf5 22. Qf2 {1-0 David,P-Polak,T/Olomouc 1995/EXT 97 (53)}) (14... g6 $6 15.
Bf4 (15. Bh6) 15... Be6 (15... fxg4 16. Ne5 Nxe5 17. Bxe4 (17. Bxe5 Rxe5 18.
dxe5 $16) 17... Nf7 18. Bxg6 $18) (15... Nf6 16. Bg5 Qd6 17. Bxf6 Qxf6 18. Qa4
$36) 16. Rxb7 Bd5 17. gxf5 Nxd4 18. cxd4 Bxb7 19. fxg6 hxg6 20. Ne5 $1 g5 21.
Be3 Qd5 22. Rf5 Rad8 23. Rxg5+ Kh7 24. Nxc4 Qe6 25. Ne5 {1-0 Smirin,I-Avrukh,B/
Groningen 1996/EXT 98 (25)}) 15. Ne5 {[%mdl 2048]} Nxe5 $2 (15... Nd6 16. Nxc6
bxc6 17. e4 $44) 16. Bxe4 Ng6 17. Bxg6 hxg6 18. Qxg6 $16 {[%csl Gb1,Gf1,Gg6,
Rg8][%mdl 128] Diese Stellung gitl seit 1988 bekanntermaßen als vorteilhaft
für Weiß - der schwarze Materialvorteil hat angesichts des starken weißen
Angriffs keine Bedeutung.} Qe7 (18... Re6 19. Qf7+ Kh7 20. Rb5 {1-0 Von Herman,
U-Gebigke,M/Lichtenrade 1995/EXT 2001 (20)}) (18... Re7 19. Ba3 Qe8 20. Qg5 Rf7
21. Rxf7 Qxf7 22. Rf1 $18) (18... Qd7 19. d5 b6 (19... Qe7 20. Ba3 Qe3+ 21. Rf2
$18) 20. Ba3 Bb7 21. e4 c5 22. Rf5 Rxe4 23. Rbf1 Bxd5 24. Rh5 $18) 19. Rb5 $1
Qe6 $6 (19... Rf8 20. Rxf8+ Qxf8 (20... Kxf8 21. Re5 Qf7 22. Ba3+ Kg8 23. Re8+
$18) 21. Rd5 Qf6 (21... c6 22. Ba3 $18) 22. Qe8+ Qf8 23. Qxf8+ Kxf8 24. Rd8+
Kf7 (24... Ke7 25. Bg5+) 25. d5 b5 26. e4 Kg6 27. e5 Bb7 28. Rd7 Kf5 29. e6 Ke5
30. e7 Re8 31. d6 $1 Bc6 32. Bf4+ Kxf4 33. Rxc7 $18) 20. Qh5 $18 {[%cal Rb5e5,
Re5e8] Droht 21.Re5 mit Gewinn.} g6 21. Qh6 {[%cal Rb5g5,Rg5g8] Schwarz gab
auf. Es gibt keine Verteidigung gegen 22.Rg5.} 1-0

[Event "RUS-Cup9"]
[Site "Novgorod"]
[Date "1997.06.19"]
[Round "7"]
[White "Ibragimov, Ildar"]
[Black "Zakharov, Alexander V"]
[Result "1-0"]
[WhiteElo "2555"]
[BlackElo "2375"]
[Annotator "Ribli,Z"]
[PlyCount "137"]
[EventDate "1997.06.11"]
[EventType "swiss"]
[EventRounds "9"]
[EventCountry "RUS"]
[SourceTitle "CBM 060"]
[Source "ChessBase"]
[SourceDate "1997.09.29"]
[SourceVersion "1"]
[SourceVersionDate "1997.09.29"]
[SourceQuality "1"]

1. c4 e5 2. Nc3 Nf6 3. g3 Bb4 4. Nf3 {Üblich ist der normale Entwicklungszug 4.
Bg2, aber der Textzug ist auch spielbar.} e4 5. Nd4 Nc6 6. Nc2 (6. Nxc6 dxc6
$11) 6... Bxc3 7. dxc3 d6 8. Bg2 h6 {Ein nützlicher Zug, sonst kann Weiß 9.Bg5
spielen, und der e4-Bauer wird schwach.} 9. Ne3 {[%csl Gd5][%cal Ge3d5] Der
weiße Springer auf e3 kontrolliert die wichtige Punkten, besonders das Feld d5.
Nach späterem Springertausch auf d5 kann Weiß seine Bauernstruktur mit cxd5
verbessern.} O-O 10. O-O {Mit Zugumstellung haben wir die Hauptvariante
erreicht. Weiß hat das Läuferpaar, aber das ist nicht so wichtig, solange die
Stellung geschlossen ist.} a5 (10... Re8 11. Qc2 b6 (11... Bd7 12. Bd2 a5 13.
Rae1 (13. b3 Qe7 14. Nd5 Nxd5 15. cxd5 Nb8 16. c4 Bf5 17. a3 Nd7 18. Qb2 Qf6 {
1/2-1/2 Ibragimov,I-Komarov,D/Vienna op 1996 (28)}) 13... a4 14. f4 exf3 15.
exf3 Ne7 16. Ng4 Ng6 17. Rxe8+ Nxe8 18. Ne3 c6 19. Be1 Qa5 20. Bf2 {1-0 Timman,
J-Mestel,A/Las Palmas izt 1982 (40)}) 12. Rd1 Bb7 13. Nd5 Rb8 14. b3 Kh8 15.
Bf4 Ne5 16. Bxe4 Nxe4 17. Qxe4 Ng6 18. Qf3 Qd7 19. Rd2 Re6 20. Qg4 Rbe8 21.
Rad1 Nxf4 22. Nxf4 Rxe2 $1 {Georgiev,K-Hjartarson,J/Manila izt 1990/1/2-1/2 
(64)}) 11. Qc2 Re8 12. Bd2 Qe7 13. f4 exf3 {Praktisch erzwungen, sonst kommt
Weiß mit f5 und g4 zu aktivem Spiel am Königsflügel.} 14. exf3 Qe5 {Eine gute
Idee. Die schwarze Dame steht aktiv im Zentrum und zielt nach c5, wo sie die
wichtigsten Punkten kontrolliert.} (14... Bd7 15. Rae1 Qf8 {In unserer
Hauptpartie ist die Dame viel besser auf c5 plaziert.} 16. f4 Rab8 17. Qd3 Ne7
18. h3 Bc6 19. Nd5 Nexd5 20. cxd5 Rxe1 21. Rxe1 Be8 22. b4 axb4 23. cxb4 b5 24.
Bc3 Bd7 25. Bd4 Qd8 26. Qc3 {1-0 Uhlmann,W-Osmanovic,K/Decin 1979 (46)}) 15.
Rae1 Qc5 {[%csl Gc5][%cal Gc5g1]} 16. Kh1 Bd7 (16... Be6 17. b3 Re7 (17... d5
$5) 18. f4 Rae8 19. Qd1 Bd7 20. Nd5 Nxd5 21. cxd5 Rxe1 22. Rxe1 Ne7 23. c4 a4
24. Bc3 {Ibragimov,I-Kuporosov,V/RUS-Cup7 1997/1-0 (59)}) 17. f4 (17. b3 Re7
18. Qd3 Rae8 19. Nd5 Nxd5 20. cxd5 Ne5 21. Qd4 Qxd4 22. cxd4 Nd3 {1/2-1/2
Uhlmann,W-Popov,L/Berlin 1979 (40)}) 17... Ng4 18. Qd3 (18. Nxg4 Bxg4 $11)
18... Qh5 19. Nxg4 Bxg4 20. Qd5 {[%csl Gd5] Die Bauernstruktur ist praktisch
symmetrisch, aber dank des Läuferpaares hat Weiß einen kleinen, aber
dauerhaften Vorteil. Die weiße Dame steht so aktiv auf d5, daß Schwarz zum
Tausch gezwungen ist.} Qxd5 (20... Kf8 $5 {Schwarz hat klaren Plan - wenn
moeglich,die Tuerme auf der e-Linie zu tauschen.Ribli.} 21. h3 (21. Qb5) 21...
Rxe1 22. Rxe1 Re8 23. Rxe8+ Kxe8 24. Kg1 Be2) (20... Be2 $5) 21. cxd5 $14 {
Weiß hat einen kleinen Raumvorteil und steht dank seines Läeuferpaares aktiver.
Natürlich hat Schwarz eine verteidigungsfähige Stellung, aber es ist nicht so
leicht, vollständig auszugleichen.} Ne7 22. h3 Bd7 (22... Bf5) 23. Kh2 Bb5 24.
Rg1 a4 $6 {Schwarz gewinnt Raum am Damenflügel, aber der Bauer auf a4 wird
schwach bleben. Nach meiner Meinung wäre es besser gewesen, den Bauern auf a5
zu lassen.} (24... b6 25. b3 Ng6 26. c4 Bd7 27. g4 Rxe1 28. Rxe1 Re8 29. Rxe8+
Bxe8 30. Kg3 $14) 25. Re4 Nf5 (25... Nxd5 $4 26. Rxe8+ Rxe8 27. Bxd5 Re2+ 28.
Rg2 $18) 26. c4 Bd7 (26... Rxe4 27. Bxe4 Bd7) 27. Rge1 Kf8 28. Bc3 {[%csl Gc3]
[%cal Gc3g7]} b6 29. Bf3 Rxe4 30. Bxe4 Ne7 31. g4 {Weiß hat Positionsvorteil.
Sein Läuferpaar spielt eine wichtige Rolle. Weiß kontrolliert mehr Raum am
Damenflügel und am Königsflügel. Das schwarze Hauptproblem ist, daß er kein
Gegenspiel hat, er kann nur warten.} Re8 (31... f5 32. Bf3 $14 (32. Bd3 fxg4
33. Bxg7+ Kf7)) 32. Kg3 Ng8 33. g5 $1 {Weiß nimmt dem schwarzen Springer das
Feld f6.} (33. h4 $6 Nf6 34. Bxf6 gxf6 $11 {In diesem Fall der schwarze
Doppelbauer vermeidet weisse Aktivitaet am Koenigsfluegel.Ribli.}) 33... g6 (
33... Ne7 {[%cal Ge7f5]} 34. Bd3 Nf5+ 35. Bxf5 Bxf5 (35... Rxe1 36. Bxd7 $16)
36. Bxg7+ $16) 34. Kh4 h5 $6 (34... Re7 $5 35. gxh6 Nxh6 {[%csl Gf5]}) 35. f5
Ne7 {Wenn Schwarz auf f5 nimmt, wird seine Bauerstruktur völlig zerstört.} (
35... Bxf5 36. Bxf5 Rxe1 (36... gxf5 $2 37. Bg7+ Kxg7 38. Rxe8 $18) 37. Bxe1
gxf5 38. Kxh5 $16 {[%csl Rf5]}) (35... gxf5 36. Bf3 (36. Bd3)) 36. fxg6 (36. f6
Nf5+ 37. Bxf5 Bxf5 $11 {Weiß hat großen Raumvorteil, aber das hat keine
Bedeutung. Er kann nicht weiterkommen.}) 36... fxg6 (36... Nxg6+ 37. Kxh5 Bxh3
(37... Nf4+ $2 38. Kh6 Nxh3 39. Bg7+ Kg8 40. Bh7#) 38. Bxg6 (38. Kh6 Ne5 $11)
38... Rxe1 39. Bxe1 fxg6+ 40. Kxg6 Bf1 $14 {Weiß hat einen Bauern mehr, aber
die ungleichfarbigen Läeufer bieten Schwarz gute Rettungchancen.}) 37. Kg3 Bf5
(37... Nf5+ $5 38. Kf4 Kf7 {Nach meiner Meinung kann Schwarz diese Stellung
halten.}) 38. Kf4 Bxe4 39. Kxe4 $1 {Steinitz, der erste Weltmeister im Schach,
hat gesagt: "der König ist eine starke Figur!". Der weiße König zielt nach a4,
und die verschiedene Schachmöglichkeiten stören nicht.} Nf5+ (39... Nc6+ 40.
Kd3 Ne5+ 41. Bxe5 $14) 40. Kd3 Rxe1 41. Bxe1 Ke8 42. Bf2 {[%csl Rf5] Der
Läufer auf f2 schränkt die Möglichkeiten des Springers ein.} Kd7 43. Kc3 {
[%csl Ra4]} Kc8 44. Kb4 Kb7 45. Kxa4 $16 {Weiß hat einen Bauern mehr. Aber die
Vertwertung des Materialsvorteil ist nicht leicht. Es gibt nicht so viele
Einbruchsfelder.} Ka6 46. Kb4 Ne7 47. Kc3 {Schwarz kann nichts anderes machen
als zu warten.} Nf5 48. b4 Ne7 49. Kd3 (49. a4 $5) 49... Kb7 (49... b5 50. Kc3
Nf5 51. c5 Ne7 52. Kd4 Nf5+ 53. Ke4 $16) 50. Ke4 Nf5 51. a4 Ka6 52. Be1 Ne7 (
52... Kb7) 53. Bc3 Nf5 54. Be1 Kb7 55. c5 $1 {Ohne diese Durcbruch kann Weiß
nicht gewinnen.} bxc5 56. bxc5 Ka6 (56... dxc5 57. Ke5 {[%csl Rg6][%cal Re5f6,
Rf6g6] Und der Bauer auf g6 ist sehr schwach.}) 57. Bb4 Kb7 (57... Ng3+ 58. Kf4
Nf5 59. cxd6 cxd6 60. Bxd6 Nxd6 61. Ke5 $5) 58. Be1 Ka6 59. cxd6 cxd6 60. Bb4
Kb6 61. Kf4 Kc7 62. Ke4 Ng3+ (62... Kb6) 63. Kd3 Nf5 64. a5 Kb7 65. Ke4 $22 Kc7
(65... Ka6 66. Bxd6 Nxd6+ 67. Ke5 $18) 66. a6 Kb6 67. Bxd6 $1 $18 {Mit diesem
Figurenopfer gewinnt Weiß leicht.} Nxd6+ (67... Kxa6 68. Ke5 {[%csl Gd5][%cal
Rd5d8]}) 68. Ke5 Ne8 69. d6 {[%cal Rd6d8] Und Schwarz gab auf. Er kann nichts
machen gegen die weißen Bauern.} (69. d6 Nxd6 70. Kxd6 Kxa6 71. Ke6 $18) 1-0